Ther role of the sun in climate change (Record no. 12163)

MARC details
000 -LEADER
fixed length control field 00583nam a2200181Ia 4500
003 - CONTROL NUMBER IDENTIFIER
control field IN-BaIIA
008 - FIXED-LENGTH DATA ELEMENTS--GENERAL INFORMATION
fixed length control field 211028s9999 xx 000 0 eng d
020 ## - INTERNATIONAL STANDARD BOOK NUMBER
International Standard Book Number 0-19-509414-X
040 ## - CATALOGING SOURCE
Transcribing agency IIA Library
080 ## - UNIVERSAL DECIMAL CLASSIFICATION NUMBER
Universal Decimal Classification number 523.9
Item number HOY
100 ## - MAIN ENTRY--PERSONAL NAME
Personal name Hoyt, Douglas V
9 (RLIN) 21220
245 #0 - TITLE STATEMENT
Title Ther role of the sun in climate change
Statement of responsibility, etc. Douglas V. Hoyt and Kenneth H. Schatten
260 ## - PUBLICATION, DISTRIBUTION, ETC.
Place of publication, distribution, etc. New york
Name of publisher, distributor, etc. Oxford University Press
Date of publication, distribution, etc. 1997
300 ## - PHYSICAL DESCRIPTION
Extent viii, 279p.
650 ## - SUBJECT ADDED ENTRY--TOPICAL TERM
Topical term or geographic name entry element Solar Physics, Sun
9 (RLIN) 21221
700 ## - ADDED ENTRY--PERSONAL NAME
Personal name Schatten, Kenneth H.
9 (RLIN) 21222
942 ## - ADDED ENTRY ELEMENTS (KOHA)
Koha item type Books
Holdings
Withdrawn status Lost status Damaged status Not for loan Home library Current library Shelving location Date acquired Cost, normal purchase price Total Checkouts Full call number Barcode Date last seen Cost, replacement price Price effective from Koha item type Purchase Price
        IIA Library-Bangalore IIA Library-Bangalore General Stacks 31/07/1997 625.00   523.9/ HOY 13079 05/11/2021 625.00 31/07/1997 Books Rs. 625.00

Powered by Koha